000 01525cam a22002891i 4500
003 SA-RiAUC
005 20251001121449.0
008 250807s2012 ku g 000 0 ara c
040 _aSA-JeALM
_bara
_cSA-RiAUC
_erda
082 0 4 _a252
_qSA-RiAUC
090 _a252
_bا ب ن ب
100 1 _aابن بلبان، محمد بن بدر الدين بن عبد الحق،
_d1006-1083 هجري
_eمؤلف.
245 1 0 _aمختصر الإفادات في ربع العبادات والآداب وزيادات /
_cتأليف محمد بن بدر الدين بن بلبان الدمشقي الحنبلي ؛ تحقيق محمد بن ناصر العجمي.
246 3 0 _aالإفادات في ربع العبادات والآداب وزيادات
250 _aالطبعة الثانية.
264 1 _aالكويت :
_bإدارة الثقافة الإسلامية،
_c2012
300 _a560 صفحة ؛
_c24 سم.
336 _aنص
_btxt
_2rdacontent
_3كتاب
337 _aبدون وسيط
_bn
_2rdamedia
338 _aمجلد
_bnc
_2rdacarrier
650 7 _aالعبادات (فقه إسلامي)
_2aucsh
650 7 _aالآداب الإسلامية
_2aucsh
700 1 2 _iتحقيق لـ (عمل) :
_aابن بلبان، محمد بن بدر الدين بن عبد الحق،
_d1006-1083 هجري.
_tمختصر الإفادات في ربع العبادات والآداب وزيادات.
700 1 _aالعجمي، محمد بن ناصر
_eمحقق.
942 _2ddc
_cBOOK
_n0
949 _aSA-JeALM
_d250807
_uosman123
_n1
999 _c12273
_d12273